The Qanu e Shahadat order, 1987 (Record no. 30016)
[ view plain ]
| 000 -LEADER | |
|---|---|
| fixed length control field | 00347nam a2200145Ia 4500 |
| 008 - FIXED-LENGTH DATA ELEMENTS--GENERAL INFORMATION | |
| fixed length control field | 230718s9999 xx 000 0 und d |
| 041 ## - LANGUAGE CODE | |
| -- | Eng. |
| 082 ## - DEWEY DECIMAL CLASSIFICATION NUMBER | |
| Classification number | 340.59 |
| Item number | SYE-T |
| 100 ## - MAIN ENTRY--AUTHOR | |
| Author Name | Syed naveed Abbas |
| 245 #4 - TITLE STATEMENT | |
| Title | The Qanu e Shahadat order, 1987 |
| 260 ## - PUBLICATION, DISTRIBUTION, ETC. | |
| Place of Publication | Pakistan |
| Name of publisher, distributor, etc. | Punjab law Book |
| Date of publication, distribution, etc. | 2013 |
| 300 ## - PHYSICAL DESCRIPTION | |
| Pages | 96 |
| 650 ## - SUBJECT ADDED ENTRY--TOPICAL TERM | |
| Subject / Department | Law |
| 952 ## - LOCATION AND ITEM INFORMATION (KOHA) | |
| -- | 0 |
| -- | 0 |
| Lost status | Damaged status | Permanent Location | Current Location | Date acquired | Full Call Number | Accession No./Barcode | Date last seen | item type |
|---|---|---|---|---|---|---|---|---|
| Superior Information Resource Center (SIRC) Superior University-Law Campus | Superior Information Resource Center (SIRC) Superior University-Law Campus | 07/18/2023 | 340.59 SYE-T | 24967 | 07/18/2023 | BOOK |
